000 00405nam a2200145Ia 4500
008 220803s9999 xx 000 0 und d
020 _a9789383098255
041 _aeng
082 _a720.954 PHA
100 _aPhatarphekar Pramila Ed.
_925742
245 _aTreasures : Chhatrapati Shivaji Maharaj Vastu Sangrahalaya Mumbai
260 _aNew Delhi
_bNiyogi Books
_c2014
300 _a220p
500 _aARCHI
999 _c16480
_d16480